Microeconomics : private and public choice (Record no. 37)

MARC details
000 -LEADER
fixed length control field 01542nam a22001697a 4500
008 - FIXED-LENGTH DATA ELEMENTS--GENERAL INFORMATION
fixed length control field 110829t xxu||||| |||| 00| 0 eng d
020 ## - INTERNATIONAL STANDARD BOOK NUMBER
International Standard Book Number 0123110653 9780123110657
050 ## - LIBRARY OF CONGRESS CALL NUMBER
Classification number HB171.5 .G963
100 ## - MAIN ENTRY--PERSONAL NAME
Personal name Gwartney, James D.
Fuller form of name James D. Gwartney
245 ## - TITLE STATEMENT
Title Microeconomics : private and public choice
Statement of responsibility, etc. James D. Gwartney
260 ## - PUBLICATION, DISTRIBUTION, ETC.
Place of publication, distribution, etc. New York
Name of publisher, distributor, etc. Academic Press
Date of publication, distribution, etc. ©1977
300 ## - PHYSICAL DESCRIPTION
Extent xvii, 389 p.
Other physical details ill.
Dimensions 24 cm
500 ## - GENERAL NOTE
General note Includes index.
505 ## - FORMATTED CONTENTS NOTE
Formatted contents note Contents: I. The Economic approach -- Some tools of the economist -- Market decisions and the market process -- A Bird's-eye view of the public sector -- II. Microeconomics: Demand and consumer choice -- Costs and producer decisions -- The Firm under pure competition -- Monopolistic competition, product differentiation, and low barriers to entry -- Oligopoly and the world of big business -- Business structure,competition, and public policy -- III. Factor markets and income distribution: The Supply and demand of productive resources -- Earnings and the job market -- Union power - a shield or a threat? -- Inequality,income mobility, and poverty -- Employment discrimination and the earnings of blacks and women --IV. Public choice: Problem areas of the market -- Public choice and gaining from government -- The Economics of government failure -- V. Capitalism and socialism: Comparative economic systems -- Appendix A: A Graphic look at economics -- Suggestions for additional reading -- Hints for answering discussion questions
650 ## - SUBJECT ADDED ENTRY--TOPICAL TERM
Topical term or geographic name entry element Microeconomics.
942 ## - ADDED ENTRY ELEMENTS (KOHA)
Source of classification or shelving scheme Library of Congress Classification
Koha item type Books
Holdings
Withdrawn status Lost status Source of classification or shelving scheme Damaged status Not for loan Home library Current library Shelving location Date acquired Total Checkouts Full call number Barcode Date last seen Copy number Price effective from Koha item type
    Library of Congress Classification     WISCONSIN INTERNATIONAL UNIVERSITY COLLEGE, GHANA - MAIN LIBRARY WISCONSIN INTERNATIONAL UNIVERSITY COLLEGE, GHANA - MAIN LIBRARY General Stacks 29/08/2011   HB171.5 .G963 045/11 29/08/2011 1 29/08/2011 Books

If you have any concerns or questions; kindly contact the library


© Powered by WIUC ICT DIRECTORATE